| 000 | 00859nam a2200229Ia 4500 | ||
|---|---|---|---|
| 003 | OSt | ||
| 005 | 20220923220524.0 | ||
| 006 | a|||||r|||| 00| 0 | ||
| 007 | ta | ||
| 008 | 220922b |||||||| |||| 00| 0 hin d | ||
| 024 | _a187,367 | ||
| 037 | _cTextual | ||
| 040 |
_aARTS _cARTS _bhin |
||
| 041 |
_2hin _ahin |
||
| 082 | _aWv5.N5, 152K4;M9 (TTW) | ||
| 100 | _aवर्मा, विश्वनाथ प्रसाद | ||
| 245 | 0 | _aपाश्चात्य राजनीतिक विचारधारा का इतिहास | |
| 246 | _aPāshchātya rājanītik vichāradhārā kā itihāsa | ||
| 260 |
_aजयपुर _b कालेज बुक डिपो _c1989 |
||
| 942 |
_hWv5.N5, 152K4;M9 (TTW) _cTEXL _2CC |
||
| 999 |
_c340444 _d340444 |
||